Logo BPK

Biblioteka

Politechniki Koszalińskiej

An A-Z of English grammar and usage / (Rekord nr 54450)

Szczegóły MARC
000 -ETYKIETA REKORDU
podpole kontrolne o stałej długości 00758nam a2200229 i 4500
001 - NUMER KONTROLNY REKORDU
pole kontrolne bg
020 ## - MIĘDZYNARODOWY ZNORMALIZOWANY NUMER KSIĄŻKI - ISBN
ISBN 175560218
040 ## - ŹRÓDŁO KATALOGOWANIA
Instytucja, która utworzyła rekord BPK
041 0# - KOD JĘZYKA
Kod języka tekstu eng
044 ## - KOD KRAJU WYDAWCY/PRODUCENTA
Kod kraju wydawcy/producenta GBR
008 - POLE O STAŁEJ DŁUGOŚCI - DANE KONTROLNE
podpole kontrolne o stałej długości s pl f |000 0 pol
100 1# - NAZWA OSOBOWA
Nazwa osobowa Leech, Geoffrey.
245 00 - TYTUŁ/ODPOWIEDZIALNOŚĆ
Tytuł An A-Z of English grammar and usage /
Pozostałe elementy strefy tytułu i oznaczenia odpowiedzialności Geoffrey Leech, assoc. auth. Benita Cruickshank, Roz Ivanic.
250 ## - STREFA WYDANIA
Oznaczenie wydania 4th impr.
260 ## - STREFA ADRESU WYDAWNICZEGO
Miejsce wydania Harlow, England :
Nazwa wydawcy/dystrybutora Addison Wesley Longman,
Data publikacji, dystrybucji/powstania dokumentu 1997.
300 ## - STREFA OPISU FIZYCZNEGO
Objętość XV, 575 s. :
Inne cechy fizyczne rys., tab. ;
Rozmiary 22 cm.
650 #9 - HASŁO PRZEDMIOTOWE W FORMIE NAZWY OGÓLNEJ LUB JEDNOSTKOWEJ
Nazwa ogólna lub geograficzna Język angielski
Określnik ogólny gramatyka
Określnik chronologiczny podręcznik akademicki
700 1# - HASŁO DODATKOWE - NAZWA OSOBOWA
Nazwa osobowa Cruickshank, Benita.
Określenie związku między hasłem a opisywanym materiałem Współaut.
700 1# - HASŁO DODATKOWE - NAZWA OSOBOWA
Nazwa osobowa Ivanic, Roz.
Określenie związku między hasłem a opisywanym materiałem Współaut.
856 ## - LOKALIZACJA I DOSTĘP DO ELEKTRONICZNYCH DOKUMENTÓW ZDALNYCH
Link (URL) http://koha.tu.koszalin.pl/cgi-bin/koha/opac-detail.pl?biblionumber=54450
Tekst linku Katalog online BPK
942 ## - DODATKOWE ELEMENTY (KOHA)
Typ dokumentu Książka
Egzemplarze
Wycofany Status egzemplarza Uszkodzony Dostępność Lokalizacja stała Lokalizacja bieżąca Miejsce przechowywania Sygnatura Kod kreskowy Typ dokumentu
      Tylko na miejscu Biblioteka Politechniki Koszalińskiej Biblioteka Politechniki Koszalińskiej Czytelnia Wydziałowa ul. Kwiatkowskiego 6e 85845 02406701 Książka
© 2023 Biblioteka Politechniki Koszalińskiej :: KOHA